000 00287nam a22001337a 4500
008 170905b xxu||||| |||| 00| 0 eng d
020 _a9780321080943
041 _aeng
080 _a070
100 _a40
101 _aMED
245 _aMEDIA AND SOCIETY
_cKAWAMOTO,K
942 _2udc
_cBK
999 _c26216
_d26216